000
00278nam a22001217a 4500
008
180802b xxu||||| |||| 00| 0 eng d
082
_a
813.52
245
_a
Habitat for Humanity
_c
Leffers,M.R
260
_c
2010
300
_a
1
_f
CD
440
_x
9780135027288
942
_2
ddc
_c
MX
999
_c
46717
_d
46717